The triumph of wit : Molière and Restoration comedy /

Bibliographic Details
Main Author: Knutson, Harold C.
Format: Book
Language:English
Published: Columbus : Ohio State University Press, [1988]
Subjects:

MARC

Tag First Indicator Second Indicator Subfields
LEADER 00000cam a2200000 a 4500
001 in00000014833
005 20151007052910.0
008 870112s1988 ohua b s00110 eng
010 |a  87001558  
020 |a 0814204384 
035 |a (OCoLC)15108995 
035 |9 AAA9631AM 
040 |a DLC  |c DLC  |d TXA  |d UtOrBLW 
043 |a e-uk-en 
049 |a TXAM  |c [A11464507] 
050 0 0 |a PQ1860  |b .K53 1988 
082 0 |a 842/.4  |2 19 
100 1 |a Knutson, Harold C. 
245 1 4 |a The triumph of wit :  |b Molière and Restoration comedy /  |c Harold C. Knutson. 
264 1 |a Columbus :  |b Ohio State University Press,  |c [1988] 
264 4 |c ©1988 
300 |a xi, 192 pages :  |b illustrations ;  |c 23 cm. 
336 |a text  |b txt  |2 rdacontent 
337 |a unmediated  |b n  |2 rdamedia 
338 |a volume  |b nc  |2 rdacarrier 
504 |a Bibliography: pages 181-185. 
500 |a Includes index. 
600 1 0 |a Molière,  |d 1622-1673  |x Criticism and interpretation. 
600 1 0 |a Molière,  |d 1622-1673  |x Influence. 
650 0 |a English drama  |y Restoration, 1660-1700  |x History and criticism. 
650 0 |a English drama (Comedy)  |x History and criticism. 
650 0 |a Manners and customs in literature. 
999 |a MARS 
999 f f |s c0b16a71-186d-3ff6-a331-e75a023649bf  |i df4325f4-b621-36df-ab3e-1a9a41376cd4  |t 0 
952 f f |p normal  |a Texas A&M University  |b College Station  |c Sterling C. Evans Library  |d Evans: Library Stacks  |t 0  |e PQ1860 .K53 1988  |h Library of Congress classification  |i unmediated -- volume  |m A14811464507 
998 f f |a PQ1860 .K53 1988  |t 0  |l Evans: Library Stacks